| 000 | 01414 a2200241 4500 | ||
|---|---|---|---|
| 020 | _a0826447074 | ||
| 020 | _a9780826447074 | ||
| 082 | 0 | 4 | _a650 |
| 090 |
_c1351 _d1351 |
||
| 100 | 1 | _aTeare, Richard. | |
| 245 | 1 | 4 |
_aThe virtual learning organization / _cRichard Teare. |
| 260 |
_a[S.l.] : _bContinuum International Publishing Group, _c2000. |
||
| 300 |
_a320 p. ; _c24 cm. |
||
| 490 | 1 | _aWorkplace learning series. | |
| 500 | _aPaperback. | ||
| 520 | _aAn account of the Virtual Learning Organization and the work being done globally to set up large-scale training resources for industry on the Internet. The book is divided into three parts: "Design Issues", "Practical Examples" and "Next Steps". Topics covered include knowledge management, workplace learning developments, and mechanisms for renewing and sustaining lifelong learning. With particular reference to the Marriott Hotels Virtual University that the authors have created, the book seeks to inspire other educationalists to look anew at the combination of advanced technology and training methods. | ||
| 700 | 1 | _aSandelands, Eric. | |
| 700 | 1 | _aPrestoungrange, Gordon. | |
| 830 | 0 | _aWorkplace learning series. | |
| 856 | 4 | 0 |
_3Amazon.com _uhttp://www.amazon.com/exec/obidos/ASIN/0826447074/chopaconline-20 |
| 856 | 4 | 0 |
_3Amazon customer reviews _uhttp://www.chopac.org/cgi-bin/tools/azrev.pl?q=0826447074 |
| 942 |
_aNBS _cBK _k378.00285 SAN |
||
| 999 |
_c343873 _d343873 |
||